Alle Pokemon Attacken von Typ Elektro - Statistiken

Allgemein
  • Dieses Quiz wurde 181 mal gespielt
    15 seit der letzten Aktualisierung
  • Das Durchschnittsergebnis liegt bei 21 aus 43
Antwortstatistiken
Klasse Stärke Genau. Attacke % Korrekt
speziell 110 70 Donner
100%
speziell 90 100 Donnerblitz
100%
speziell 120 50 Blitzkanone
89%
physisch 75 100 Donnerschlag
89%
speziell 40 100 Donnerschock
89%
status - 90 Donnerwelle
89%
physisch 65 95 Donnerzahn
89%
status - - Ladevorgang
89%
physisch 65 100 Funkensprung
78%
physisch 120 100 Volttackle
78%
speziell 50 90 Ladestrahl
67%
speziell 60 - Schockwelle
67%
speziell 70 100 Voltwechsel
67%
physisch 20 100 Wangenrubbler
67%
speziell variiert 100 Elektroball
56%
speziell 80 100 Ladungsstoß
56%
status - - Elektrofeld
44%
physisch 100 100 Kreuzdonner
44%
status - - Magnetflug
44%
physisch 100 100 Plasmafäuste
44%
physisch 90 100 Stromstoß
44%
speziell 80 90 Blitzgefängnis
33%
status - - Elektrifizierung
33%
speziell 55 95 Elektronetz
33%
physisch 80 100 Elektropikser
33%
speziell 70 100 Hochspannung
33%
speziell 60 100 Knisterladung
33%
status - - Magnetregler
33%
status - 100 Mystowellen
33%
speziell 80 100 Overdrive
33%
speziell 65 100 Parabolladung
33%
status - - Plasmaschauer
33%
physisch 85 100 Schockschnabel
33%
speziell 70 100 Sturmblitz
33%
physisch 110 100 Aura-Rad
22%
physisch 130 85 Blitzschlag
22%
speziell 100 100 Blitztour
22%
physisch 80 100 Britzelturbo
22%
speziell 100 80 Donnerorkan
22%
physisch 100 100 Donnerstoß
22%
speziell 130 100 Stromstrahl
22%
speziell variiert - Pika-Flash
11%
physisch 120 100 Zweifachladung
11%
Keine übereinstimmenden Quizze gefunden
Verteilung der Resultate
Anzahl Personen mit jedem Resultat
Perzentil nach korrekt beantworteten Fragen
Ihre Resultats-Entwicklung
Sie haben dieses Quiz seit der letzten Aktualisierung nicht gespielt